000 01157cam a2200313 a 4500
003 CO-CtgCURN
005 20250331184417.0
007 ta
008 160302s2015 ck gr 000 0 spa
020 _a9789588920139
040 _aCO-CtgCURN
_bspa
_ccoctgcurn
082 0 4 _a340.56
_bV182
_223
100 1 _aVallejo, Victor Hugo.
245 1 3 _aEl derecho de transito como subsistema juridico /
_cVictor Hugo Vallejo ; [editor, José Ignacio Claros V.].
250 _a1a. ed.
260 _aCali :
_bUniversidad Santiago de Cali,
_c2015.
300 _a132 p. ;
_c24 cm.
336 _2rdacontent
337 _2rdamedia
_asin mediacion
_bn
338 _2rdacarrier
_avolumen
_bnc
504 _aIncluye referencias bibliograficas (p. 129-132)
650 1 4 _aSistema juridico
_xInvestigaciones.
650 1 4 _aTrafico de carreteras
_xAspectos jurídicos.
700 1 _aClaros V., José Ignacio,
_eeditor.
_4ed
852 _925000
852 _925000
852 _925000
942 _cBK
_h340.56
_iV182
_2ddc
999 _c18835
_d18835